Ethnobotany : (Registro nro. 4374)
[ vista simple ]
| 000 -CABECERA | |
|---|---|
| Campo de control | 01098cam a2200265 a 4500 |
| 005 - FECHA Y HORA DE LA ULTIMA TRANSACCION | |
| Campo de control | 20160210150242.0 |
| 008 - ELEMENTOS DE LONGITUD FIJA—INFORMACION GENERAL | |
| Campo de control | 940808s1995 enka b 001 0 eng d |
| 015 ## - NATIONAL BIBLIOGRAPHY NUMBER | |
| National bibliography number | GB94-94426 |
| 020 ## - ISBN | |
| ISBN | 041248370X (pbk) : |
| Términos de disponibilidad | 16.99 : Formerly CIP |
| 040 ## - FUENTE DE CATALOGACIÓN | |
| Agencia catalogadora original | Uk |
| Agencia transcriptora | Uk |
| Agencia Modificadora | UkNcU |
| -- | NNBG |
| -- | CSdNU |
| -- | DNAL |
| -- | DLC |
| -- | CO-BoIAVH |
| 041 ## - IDIOMA | |
| Código de idioma para texto/pista de sonido o título separado | Inglés |
| 082 00 - NUMERO DE CLASIFICACION DECIMAL DEWEY | |
| Número de clasificación | 306.65 |
| Número del ítem | M37e |
| 100 1# - ASIENTO PRINCIPAL--NOMBRE PERSONAL | |
| Nombre personal | Martin, Gary J. |
| 9 (RLIN) | 15985 |
| 245 10 - MENCION DE TITULO | |
| Título | Ethnobotany : |
| Parte restante del título | a methods manual / |
| Mención de responsabilidad | Gary. J. Martin. |
| 250 ## - MENCION DE EDICION | |
| Mención de edición | 1st ed. |
| 260 ## - PUBLICACION, DISTRIBUCION, ETC. (PIE DE IMPRENTA) | |
| Lugar de publicación, distribución, etc. | London ; |
| -- | New York : |
| Nombre del editor, distribuidor, etc. | Chapman & Hall, |
| Fecha de publicación, distribución, etc. | 1995. |
| 300 ## - DESCRIPCION FISICA | |
| Extensión | xxiv, 268 p. : |
| Otros detalles físicos | ill. ; |
| Dimensiones | 24 cm. |
| 504 ## - NOTA DE BIBLIOGRAFIA, ETC. | |
| Nota de bibliografía | Includes bibliographical references (p. 253-261) and index. |
| 505 1# - NOTA DE CONTENIDO | |
| Nota de contenido | Data collection and hypothesis testing -- Botany -- Ethnopharmacology and related fields -- Anthropology -- Ecology -- Economics -- Linguistics -- Ethnobotany, conservation, and community development. |
| 650 #0 - ASIENTO SECUNDARIO DE MATERIA - TERMINO TEMATICO | |
| Término temático o nombre geográfico como elemento de entrada | Ethnobotany |
| Subdivisión general | Methodology. |
| 9 (RLIN) | 58638 |
| 650 #0 - ASIENTO SECUNDARIO DE MATERIA - TERMINO TEMATICO | |
| Término temático o nombre geográfico como elemento de entrada | Etnobotanica |
| Subdivisión de forma | Metodología. |
| 9 (RLIN) | 58639 |
| 650 #0 - ASIENTO SECUNDARIO DE MATERIA - TERMINO TEMATICO | |
| Término temático o nombre geográfico como elemento de entrada | Etnobotanica |
| Subdivisión general | Metodología. |
| 9 (RLIN) | 58640 |
| 650 #0 - ASIENTO SECUNDARIO DE MATERIA - TERMINO TEMATICO | |
| Término temático o nombre geográfico como elemento de entrada | Ethopharmacology |
| Subdivisión de forma | Methodology. |
| 9 (RLIN) | 58641 |
| 942 ## - ELEMENTOS ADICIONALES (KOHA) | |
| Sistema de clasificación | Dewey Decimal Classification |
| Tipo de ítem | Libro |
| Withdrawn status | Lost status | Sistema de Clasificación | Damaged status | No para préstamo | Colección | Inventariado | Ubicación Permanente | Ubicación actual | Fecha de adquisición | Fuente de Valor | Valor | Total Checkouts | Número topográfico | Inventario / Código de Barras | Date last seen | Date checked out | Ejemplar | Price effective from | Forma de adquisición | Tipo de material |
|---|---|---|---|---|---|---|---|---|---|---|---|---|---|---|---|---|---|---|---|---|
| Dewey Decimal Classification | General | Inventariado 2017 | Bogotá | Bogotá | 31/03/2005 | Instituto | 39000.00 | 2 | LB-306.65 M37e | 017663 | 10/04/2019 | 10/04/2019 | Ej. 1 | 04/12/2012 | Libro |